00818 a2200205 4500003000500000005001700005040000900022082001400031100002700045245007300072250001200145260002600157505009800183600002500281650003100306942001200337999001900349952012200368952012200490Nust20221013190243.0 cNust a604.2,GIB aE.H.H. Gibbins9100238 aAn Introduction to Electrical Drawing bin tow PartscE.H.H. Gibbins apart-II aLonodnbBlackiec1944 aTransformers (Page-4), General Details (Page-12),D.C Machine (Page-20), A.C Machine(Page-46). aE.H.H.Gibbin9100239 aElectrical Drawing9100240 2ddccBK c183100d183100 00102ddc4070aMCSbMCScGENd2016-12-12o604.2,GIBpMCS5954r2016-12-08w2016-12-12yBKzAlmirah No.26, Shelf No.1 00102ddc4070aMCSbMCScGENd2016-12-12o604.2,GIBpMCS6004r2016-12-08w2016-12-12yBKzAlmirah No.26, Shelf No.1